书目信息 |
| 题名: |
药用高分子材料与现代药剂
|
|
| 作者: | 陈建海 主编 | |
| 分册: | ||
| 出版信息: | 北京 科学出版社 2003 |
|
| 页数: | 348页 | |
| 开本: | 24cm | |
| 丛书名: | 21世纪科学版化学专著系列 | |
| 单 册: | ||
| 中图分类: | TQ460.4 , R94 | |
| 科图分类: | ||
| 主题词: | 高分子材料 , 高分子材料--制剂辅料(医药) , 药剂学 | |
| 电子资源: | ||
| ISBN: | 7-03-010443-9 | |
| 000 | 01101nam0 2200313 450 | |
| 000 | 01066nam0 2200289 450 | |
| 000 | 00996nam0 2200265 450 | |
| 000 | 00960nam0 2200253 45 | |
| 005 | 20070525133633.75 | |
| 010 | @a7-03-010443-9@b精装@dCNY56.00 | |
| 100 | @a20070411d2003 em y0chiy0120 ea | |
| 101 | 0 | @achi |
| 102 | @aCN@b110000 | |
| 105 | @ay z 000yy | |
| 200 | 1 | @a药用高分子材料与现代药剂@AYao Yong Gao Fen Zi Cai Liao Yu Xian Dai Yao Ji@f陈建海主编@FChen Jian Hai Zhu Bian |
| 210 | @a北京@c科学出版社@d2003 | |
| 215 | @a348页@d24cm | |
| 225 | 2 | @a21世纪科学版化学专著系列 |
| 300 | @a中国科学院科学出版基金资助出版 | |
| 330 | @a本书以材料特性为中心,以材料在现代剂型中的应用为宗旨,将药用高分子材料学与现代药剂学有机地融合,全面而深入地介绍了药用高分子材料及其在现代剂型中的应用。 | |
| 410 | 0 | @12001 @a21世纪科学版化学专著系列 |
| 606 | 0 | @a高分子材料 |
| 606 | 0 | @a高分子材料@x制剂辅料(医药) |
| 606 | 0 | @a药剂学 |
| 690 | @aTQ460.4@v4 | |
| 690 | @aR94@v3 | |
| 701 | 0 | @a陈建海@AChen Jian Hai@c(教授)@4主编 |
| 801 | 0 | @aCN@bTAOJIN@c20070525 |
| 905 | @a10447@dR94@e51 | |
| 药用高分子材料与现代药剂/陈建海主编.-北京:科学出版社,2003 |
| 348页;24cm.-(21世纪科学版化学专著系列) |
| 中国科学院科学出版基金资助出版 |
| ISBN 7-03-010443-9(精装):CNY56.00 |
| 本书以材料特性为中心,以材料在现代剂型中的应用为宗旨,将药用高分子材料学与现代药剂学有机地融合,全面而深入地介绍了药用高分子材料及其在现代剂型中的应用。 |
| ● |
| 相关链接 |
|
|
|
|
正题名:药用高分子材料与现代药剂
索取号:R94/51
 
预约/预借
| 序号 | 登录号 | 条形码 | 馆藏地/架位号 | 状态 | 备注 |
| 1 | 0522646 | 205226469 | 第二样本阅览室/ [索取号:R94/51] | 在馆 | |
| 2 | 0522647 | 205226478 | 第三借阅区/ [索取号:R94/51] | 在馆 |